MCSE Windows 2000 directory services infrastrucure: training guide (Record no. 82797)
[ view plain ]
| 000 -LEADER | |
|---|---|
| fixed length control field | 00802nam a2200181 a 4500 |
| 008 - FIXED-LENGTH DATA ELEMENTS--GENERAL INFORMATION | |
| fixed length control field | 160901s2000 ||||||||||||||||| || u |
| 020 ## - INTERNATIONAL STANDARD BOOK NUMBER | |
| International Standard Book Number | 0735709688 |
| 050 ## - LIBRARY OF CONGRESS CALL NUMBER | |
| Classification number | QA 76.3 Mai |
| 100 ## - MAIN ENTRY--PERSONAL NAME | |
| Personal name | Maione, Dennis |
| 245 10 - TITLE STATEMENT | |
| Title | MCSE Windows 2000 directory services infrastrucure: training guide |
| Statement of responsibility, etc. | By Dennis Maione |
| 260 ## - PUBLICATION, DISTRIBUTION, ETC. | |
| Place of publication, distribution, etc. | Indianapolis: |
| Name of publisher, distributor, etc. | New Riders |
| Date of publication, distribution, etc. | 2000 |
| 300 ## - PHYSICAL DESCRIPTION | |
| Extent | xix, 799p.: ill. |
| 500 ## - GENERAL NOTE | |
| General note | Includes 4 volumes and CD-ROMS Exam 70-210 Exam 70-215 Exam 70-216 Exam 70-217 |
| 650 ## - SUBJECT ADDED ENTRY--TOPICAL TERM | |
| Topical term or geographic name entry element | MICROSOFT WINDOWS SERVER |
| 650 #0 - SUBJECT ADDED ENTRY--TOPICAL TERM | |
| Topical term or geographic name entry element | MICROSOFT SOFTWARE--EXAMINATIONS--STUDY GUIDES |
| 650 ## - SUBJECT ADDED ENTRY--TOPICAL TERM | |
| Topical term or geographic name entry element | ELECTRONIC DATA PROCESSING PERSONNEL--CERTIFICATE |
| 995 ## - | |
| -- | MAIN LIBRARY OPEN ACCESS |
| -- | 746921 |
| -- | CBU-MAIN LIBRARY (Kitwe) |
| -- | QA 76.3 Mai |
| -- | 1 |
| -- | AVAILABLE |
| -- | Jan 23, 2018 |
| -- | 746921 |
| -- | Main Library Open Access Collection |
| 999 ## - | |
| -- | 82797 |
| -- | 82797 |
| Withdrawn status | Lost status | Source of classification or shelving scheme | Damaged status | Not for loan | Permanent Location | Current Location | Shelving location | Date acquired | Total Checkouts | Full call number | Barcode | Date last seen | Copy number | Price effective from | Koha item type |
|---|---|---|---|---|---|---|---|---|---|---|---|---|---|---|---|
| CBU-MAIN LIBRARY, KITWE. | CBU-MAIN LIBRARY, KITWE. | 09/29/2023 | QA 76.3 Mai | 746921 | 09/29/2023 | 1 | 09/29/2023 | MONOGRAPH |